| 000 | 00382nam a2200121Ia 4500 | ||
|---|---|---|---|
| 005 | 20251222143137.0 | ||
| 008 | 251222s9999||||xx |||||||||||||| ||spa|| | ||
| 082 | _a371.021/B31 | ||
| 100 | _aBazán Guzmán, Jorge Luis | ||
| 245 | 0 | _aEstadística Educativa en el Contexto de Medición y Evaluación de la Calidad Educativa | |
| 264 | _bUniversidad Marcelino Champagnat | ||
| 942 | _cLIB | ||
| 999 |
_c12139 _d12139 |
||